<?xml version="1.0" encoding="UTF-8"?>
<record
    xmlns:xsi="http://www.w3.org/2001/XMLSchema-instance"
    xsi:schemaLocation="http://www.loc.gov/MARC21/slim http://www.loc.gov/standards/marcxml/schema/MARC21slim.xsd"
    xmlns="http://www.loc.gov/MARC21/slim">

  <leader>01882    a2200289   4500</leader>
  <controlfield tag="003">NALT</controlfield>
  <controlfield tag="005">20220511132951.0</controlfield>
  <controlfield tag="008">190201b        th ||||| |||| 00| 0 tha d</controlfield>
  <datafield tag="020" ind1=" " ind2=" ">
    <subfield code="a">9786164432024</subfield>
  </datafield>
  <datafield tag="040" ind1=" " ind2=" ">
    <subfield code="a">NALT</subfield>
  </datafield>
  <datafield tag="050" ind1=" " ind2=" ">
    <subfield code="a">HM 1271</subfield>
    <subfield code="b">&#xE2A;734 2561</subfield>
  </datafield>
  <datafield tag="245" ind1="0" ind2="0">
    <subfield code="a">&#xE2A;&#xE35;&#xE2A;&#xE31;&#xE19;&#xE1E;&#xE2B;&#xE38;&#xE27;&#xE31;&#xE12;&#xE19;&#xE18;&#xE23;&#xE23;&#xE21;&#xE1A;&#xE19;&#xE23;&#xE2D;&#xE22;&#xE17;&#xE32;&#xE07;&#xE2D;&#xE32;&#xE40;&#xE0B;&#xE35;&#xE22;&#xE19; - &#xE2A;&#xE2B;&#xE20;&#xE32;&#xE1E;&#xE22;&#xE38;&#xE42;&#xE23;&#xE1B; - &#xE40;&#xE2D;&#xE40;&#xE0A;&#xE35;&#xE22; /</subfield>
    <subfield code="c">&#xE21;&#xE23;&#xE01;&#xE15; &#xE44;&#xE21;&#xE22;&#xE40;&#xE2D;&#xE2D;&#xE23;&#xE4C;, &#xE20;&#xE31;&#xE17;&#xE23;&#xE32;&#xE20;&#xE23;&#xE13;&#xE4C; &#xE20;&#xE39;&#xE1A;&#xE32;&#xE25;, &#xE2A;&#xE34;&#xE17;&#xE18;&#xE34;&#xE1E;&#xE23; &#xE40;&#xE19;&#xE15;&#xE23;&#xE19;&#xE34;&#xE22;&#xE21; &#xE1A;&#xE23;&#xE23;&#xE13;&#xE32;&#xE18;&#xE34;&#xE01;&#xE32;&#xE23;.</subfield>
  </datafield>
  <datafield tag="246" ind1="1" ind2="8">
    <subfield code="a">&#xE2A;&#xE35;&#xE2A;&#xE31;&#xE19;&#xE1E;&#xE2B;&#xE38;&#xE27;&#xE31;&#xE12;&#xE19;&#xE18;&#xE23;&#xE23;&#xE21;&#xE1A;&#xE19;&#xE23;&#xE2D;&#xE22;&#xE17;&#xE32;&#xE07; &#xE2D;&#xE32;&#xE40;&#xE0B;&#xE35;&#xE22;&#xE19; - &#xE2A;&#xE2B;&#xE20;&#xE32;&#xE1E;&#xE22;&#xE38;&#xE42;&#xE23;&#xE1B; - &#xE40;&#xE2D;&#xE40;&#xE0A;&#xE35;&#xE22;</subfield>
  </datafield>
  <datafield tag="250" ind1=" " ind2=" ">
    <subfield code="a">&#xE1E;&#xE34;&#xE21;&#xE1E;&#xE4C;&#xE04;&#xE23;&#xE31;&#xE49;&#xE07;&#xE41;&#xE23;&#xE01;</subfield>
  </datafield>
  <datafield tag="260" ind1=" " ind2=" ">
    <subfield code="a">&#xE19;&#xE04;&#xE23;&#xE1B;&#xE10;&#xE21; :</subfield>
    <subfield code="b">&#xE42;&#xE04;&#xE23;&#xE07;&#xE01;&#xE32;&#xE23;&#xE28;&#xE39;&#xE19;&#xE22;&#xE4C;&#xE1E;&#xE2B;&#xE38;&#xE27;&#xE31;&#xE12;&#xE19;&#xE18;&#xE23;&#xE23;&#xE21;&#xE2D;&#xE32;&#xE40;&#xE0B;&#xE35;&#xE22;&#xE19; &#xE2A;&#xE16;&#xE32;&#xE1A;&#xE31;&#xE19;&#xE27;&#xE34;&#xE08;&#xE31;&#xE22;&#xE20;&#xE32;&#xE29;&#xE32;&#xE41;&#xE25;&#xE30;&#xE27;&#xE31;&#xE12;&#xE19;&#xE18;&#xE23;&#xE23;&#xE21;&#xE40;&#xE2D;&#xE40;&#xE0A;&#xE35;&#xE22; &#xE21;&#xE2B;&#xE32;&#xE27;&#xE34;&#xE17;&#xE22;&#xE32;&#xE25;&#xE31;&#xE22;&#xE21;&#xE2B;&#xE34;&#xE14;&#xE25;, </subfield>
    <subfield code="c">2561.</subfield>
  </datafield>
  <datafield tag="300" ind1=" " ind2=" ">
    <subfield code="a">301 &#xE2B;&#xE19;&#xE49;&#xE32; :</subfield>
    <subfield code="b">&#xE20;&#xE32;&#xE1E;&#xE1B;&#xE23;&#xE30;&#xE01;&#xE2D;&#xE1A; ;</subfield>
    <subfield code="c">21 &#xE0B;&#xE21;.</subfield>
  </datafield>
  <datafield tag="650" ind1=" " ind2="4">
    <subfield code="9">18874</subfield>
    <subfield code="a">&#xE1E;&#xE2B;&#xE38;&#xE27;&#xE31;&#xE12;&#xE19;&#xE18;&#xE23;&#xE23;&#xE21;&#xE19;&#xE34;&#xE22;&#xE21;</subfield>
  </datafield>
  <datafield tag="650" ind1=" " ind2="4">
    <subfield code="9">53773</subfield>
    <subfield code="a">&#xE1E;&#xE2B;&#xE38;&#xE27;&#xE31;&#xE12;&#xE19;&#xE18;&#xE23;&#xE23;&#xE21;&#xE19;&#xE34;&#xE22;&#xE21;</subfield>
    <subfield code="z">&#xE40;&#xE2D;&#xE40;&#xE0A;&#xE35;&#xE22;&#xE15;&#xE30;&#xE27;&#xE31;&#xE19;&#xE2D;&#xE2D;&#xE01;&#xE40;&#xE09;&#xE35;&#xE22;&#xE07;&#xE43;&#xE15;&#xE49;</subfield>
  </datafield>
  <datafield tag="650" ind1=" " ind2="4">
    <subfield code="9">53771</subfield>
    <subfield code="a">&#xE1E;&#xE2B;&#xE38;&#xE27;&#xE31;&#xE12;&#xE19;&#xE18;&#xE23;&#xE23;&#xE21;&#xE19;&#xE34;&#xE22;&#xE21; </subfield>
    <subfield code="z">&#xE2A;&#xE2B;&#xE20;&#xE32;&#xE1E;&#xE22;&#xE38;&#xE42;&#xE23;&#xE1B;</subfield>
  </datafield>
  <datafield tag="650" ind1=" " ind2="4">
    <subfield code="9">53772</subfield>
    <subfield code="a">&#xE1E;&#xE2B;&#xE38;&#xE27;&#xE31;&#xE12;&#xE19;&#xE18;&#xE23;&#xE23;&#xE21;&#xE19;&#xE34;&#xE22;&#xE21;</subfield>
    <subfield code="z">&#xE40;&#xE2D;&#xE40;&#xE0A;&#xE35;&#xE22;</subfield>
  </datafield>
  <datafield tag="700" ind1="0" ind2=" ">
    <subfield code="9">29719</subfield>
    <subfield code="a">&#xE21;&#xE23;&#xE01;&#xE15; &#xE44;&#xE21;&#xE22;&#xE40;&#xE2D;&#xE2D;&#xE23;&#xE4C; </subfield>
  </datafield>
  <datafield tag="700" ind1="0" ind2=" ">
    <subfield code="9">29721</subfield>
    <subfield code="a">&#xE20;&#xE31;&#xE17;&#xE23;&#xE32;&#xE20;&#xE23;&#xE13;&#xE4C; &#xE20;&#xE39;&#xE1A;&#xE32;&#xE25; </subfield>
  </datafield>
  <datafield tag="700" ind1="0" ind2=" ">
    <subfield code="9">36034</subfield>
    <subfield code="a">&#xE2A;&#xE34;&#xE17;&#xE18;&#xE34;&#xE1E;&#xE23; &#xE40;&#xE19;&#xE15;&#xE23;&#xE19;&#xE34;&#xE22;&#xE21;</subfield>
  </datafield>
  <datafield tag="850" ind1=" " ind2=" ">
    <subfield code="a">NALT</subfield>
  </datafield>
  <datafield tag="942" ind1=" " ind2=" ">
    <subfield code="2">lcc</subfield>
    <subfield code="c">GB</subfield>
  </datafield>
  <datafield tag="998" ind1=" " ind2=" ">
    <subfield code="a">phon</subfield>
    <subfield code="b">phon</subfield>
    <subfield code="c">phon</subfield>
    <subfield code="j">8</subfield>
    <subfield code="k"> &#xE1A;&#xE31;&#xE13;&#xE11;&#xE34;&#xE15; &#xE2D;&#xE38;&#xE17;&#xE32;&#xE27;&#xE07;&#xE04;&#xE4C;</subfield>
  </datafield>
  <datafield tag="999" ind1=" " ind2=" ">
    <subfield code="c">95584</subfield>
    <subfield code="d">95584</subfield>
  </datafield>
  <datafield tag="952" ind1=" " ind2=" ">
    <subfield code="0">0</subfield>
    <subfield code="1">0</subfield>
    <subfield code="2">lcc</subfield>
    <subfield code="4">0</subfield>
    <subfield code="7">0</subfield>
    <subfield code="8">CASEAN</subfield>
    <subfield code="a">NALT</subfield>
    <subfield code="b">NALT</subfield>
    <subfield code="d">2019-01-30</subfield>
    <subfield code="e">1</subfield>
    <subfield code="l">7</subfield>
    <subfield code="m">5</subfield>
    <subfield code="o">ASEAN HM 1271 &#xE2A;734 2561</subfield>
    <subfield code="p">3961208988</subfield>
    <subfield code="r">2022-05-19 00:00:00</subfield>
    <subfield code="s">2022-05-11</subfield>
    <subfield code="t">&#xE09;.1</subfield>
    <subfield code="w">2019-01-30</subfield>
    <subfield code="y">GB</subfield>
  </datafield>
  <datafield tag="952" ind1=" " ind2=" ">
    <subfield code="0">0</subfield>
    <subfield code="1">0</subfield>
    <subfield code="2">lcc</subfield>
    <subfield code="4">0</subfield>
    <subfield code="7">0</subfield>
    <subfield code="8">CASEAN</subfield>
    <subfield code="a">NALT</subfield>
    <subfield code="b">NALT</subfield>
    <subfield code="c">ASEAN</subfield>
    <subfield code="d">2021-06-29</subfield>
    <subfield code="o">ASEAN HM 1271 &#xE2A;734 2561</subfield>
    <subfield code="p">3961212236</subfield>
    <subfield code="r">2021-10-18 00:00:00</subfield>
    <subfield code="t">&#xE09;.2</subfield>
    <subfield code="w">2021-06-29</subfield>
    <subfield code="y">GB</subfield>
  </datafield>
</record>
